000 00342nam a22001457a 4500
005 20200604154101.0
008 200604b xxu||||| |||| 00| 0 eng d
082 _a345.4
110 _aL.I.C
_95787
245 _aL.I.C.-2013(V-1) JAN TO MARCH
260 _aDELHI
_bAII INDIA REPORTER
300 _a1200;p
650 _aLAW
_95701
942 _cJRL
999 _c6828
_d6826